书目信息 |
| 题名: |
松花江流域生态环境建设报告
|
|
| 作者: | 朱宇 主编 | |
| 分册: | ||
| 出版信息: | 北京 社会科学文献出版社 2019.04 |
|
| 页数: | 439页 | |
| 开本: | 25cm | |
| 丛书名: | ||
| 单 册: | ||
| 中图分类: | X321.23 | |
| 科图分类: | ||
| 主题词: | ||
| 电子资源: | ||
| ISBN: | 978-7-5201-4286-1 | |
| 000 | 01101nam0 2200265 450 | |
| 001 | 0100010456 | |
| 005 | 20190905093951.0 | |
| 010 | @a978-7-5201-4286-1@b精装@dCNY98.00 | |
| 100 | @a20190901d2019 em y0chiy50 ea | |
| 101 | 0 | @achi |
| 102 | @aCN@b110000 | |
| 105 | @aak a 000yy | |
| 106 | @ar | |
| 200 | 1 | @a松花江流域生态环境建设报告@Asong hua jiang liu yu sheng tai huan jing jian she bao gao@e1949-2019@f主编朱宇 |
| 210 | @a北京@c社会科学文献出版社@d2019.04 | |
| 215 | @a439页@c图@d25cm | |
| 312 | @a英文题名取自封面 | |
| 320 | @a有书目 | |
| 330 | @a本书对松花江流域自然概况、经济社会发展、人类在发展过程中对松花江流域生态资源以及生态环境带来的影响与破坏进行了全面糸统的分折。特别针对生态破坏与水环境污染问题多年来采取的修复与治理措施, 以及所取得的成效进行了全面的总结。 | |
| 510 | 1 | @aReport on ecological environment construction in the Songhua river basin@e1949-2019@zeng |
| 607 | @a松花江@Asong hua jiang@x流域@x生态环境建设@x研究报告@z1949-2019 | |
| 690 | @aX321.23@v5 | |
| 701 | 0 | @a朱宇@Azhu yu@4主编 |
| 801 | 0 | @aCN@c20190905 |
| 905 | @a河南城建学院图书馆@dX321.23@eZ898 | |
| 松花江流域生态环境建设报告:1949-2019/主编朱宇.-北京:社会科学文献出版社,2019.04 |
| 439页:图;25cm |
| ISBN 978-7-5201-4286-1(精装):CNY98.00 |
| 本书对松花江流域自然概况、经济社会发展、人类在发展过程中对松花江流域生态资源以及生态环境带来的影响与破坏进行了全面糸统的分折。特别针对生态破坏与水环境污染问题多年来采取的修复与治理措施, 以及所取得的成效进行了全面的总结。 |
| ● |
| 相关链接 |
|
|
|
正题名:松花江流域生态环境建设报告
索取号:X321.23/Z898
 
预约/预借
| 序号 | 登录号 | 条形码 | 馆藏地/架位号 | 状态 | 备注 |
| 1 | 1438218 | 214382185 | 期刊室512/501自科库 66排1列3层/ [索取号:X321.23/Z898] | 在馆 | |
| 2 | 1438219 | 214382194 | 自科库501/501自科库 66排2列3层/ [索取号:X321.23/Z898] | 在馆 |